000 00419nam a22001697a 4500
003 SGT
020 _a9781441913708
082 _a617.8
_bC10M
100 _aMEDDIS, RAY
245 _aCOMPUTATIONAL MODELS OF THE AUDIOTORY SYSTEM
250 _a1ST
260 _aNEW YORK
_bSPRINGER PUB
_c2010
300 _a282
650 _aAUDIOOLOGY
653 _aCOMPUTATIONAL MODELS OF THE AUDIOTORY SYSTEM
942 _2ddc
_cBK
999 _c31357
_d31357